Ήρωες και μάρτυρες.
Αποθηκεύτηκε σε:
| Μορφή: | Βιβλίο |
|---|---|
| Γλώσσα: | Greek |
| Δημοσίευση: |
[χ.τ.] :
Εκδοτικό "Νέα Ελλάδα",
1954.
|
| Θέματα: | |
| Ετικέτες: |
Προσθήκη ετικέτας
Δεν υπάρχουν, Καταχωρήστε ετικέτα πρώτοι!
|
MARC
| LEADER | 00000cam a2200000 a 4500 | ||
|---|---|---|---|
| 001 | 1/114256 | ||
| 008 | 170606s1954####xx | ||| |||| ||gre|| | ||
| 040 | |a GR-MyUa |b gre |c GR-MyUa |e AACR2 | ||
| 041 | 0 | |a gre | |
| 082 | 7 | |a 938.774 |2 (23) | |
| 245 | 0 | 0 | |a Ήρωες και μάρτυρες. |
| 260 | |a [χ.τ.] : |b Εκδοτικό "Νέα Ελλάδα", |c 1954. | ||
| 300 | |a 312 σ. ; |c 21 εκ. | ||
| 506 | 1 | |a Μόνο για ανάγνωση. Βρίσκεται σε ειδικό ράφι. Διαθέσιμο εάν ζητηθεί. | |
| 650 | 0 | |a Political persecution |z Greece. | |
| 651 | 0 | |a Greece |x History |y Civil War, 1944-1949. | |
| 852 | |a INST |b LESVOS |e 20170606 |h 938.774 ΗΡΩ |p 005100059559 |q 005100059559 |t BK |y 0 | ||
| 970 | |a Τζαφέρη |b Ευαγγελία |z 06-06-2017 | ||